Statistics for Identify the Country from the Monarch

Click here to take the quiz!

General Stats

  • This quiz has been taken 20 times
  • The average score is 12 of 15

Answer Stats

HintCountry/ies% Correct
King Charles IIIAntigua and Barbuda | Australia | Bahamas | Barbados | Belize |
Canada | Grenada | Jamaica | New Zealand | Papua New Guinea |
Saint Kitts and Nevis | Saint Lucia | Saint Vincent and the Grenadines |
Solomon Islands | Tuvalu | United Kingdom
100%
Emperor NaruhitoJapan
100%
Prince Albert IIMonaco
94%
King Felipe VISpain
94%
King Carl XVI GustavSweden
88%
Grand Duke HenriLuxembourg
82%
King Willem-AlexanderNetherlands
82%
King PhilippeBelgium
76%
Queen Margrethe IIDenmark
76%
King Harald VNorway
76%
King Hamad bin Isa Al KhalifaBahrain
65%
King Abdullah IIJordan
65%
Prince Hans-Adam IILiechtenstein
65%
King SalmanSaudi Arabia
65%
King Rama XThailand
59%

Score Distribution

Percentile by Number Answered

Percent of People with Each Score

Your Score History

You have not taken this quiz